Local Govertnment Financial Management in Tanzania (Record no. 6949)

000 -LEADER
fixed length control field 00522nam a22001337a 4500
008 - FIXED-LENGTH DATA ELEMENTS--GENERAL INFORMATION
fixed length control field 200408b ||||| |||| 00| 0 eng d
020 ## - INTERNATIONAL STANDARD BOOK NUMBER
International Standard Book Number 978-9987-815-57-5
100 ## - MAIN ENTRY--PERSONAL NAME
Personal name Fjeldstad ,Odd-Helge
245 ## - TITLE STATEMENT
Title Local Govertnment Financial Management in Tanzania
Remainder of title Empirical Evidence of Trends 2000-2007
Statement of responsibility, etc. Odd-Heige Fjeldstad,Lucas Katera Jumal Msami and Erasto Ngawela
Medium English
260 ## - PUBLICATION, DISTRIBUTION, ETC. (IMPRINT)
Place of publication, distribution, etc. Dar Es Salaam
Name of publisher, distributor, etc. Research on Poverty Alleviation
Date of publication, distribution, etc. 2010
300 ## - PHYSICAL DESCRIPTION
Extent xiii,48p.
Other physical details Illustration
Dimensions 18cm
650 ## - SUBJECT ADDED ENTRY--TOPICAL TERM
Source of heading or term Repoa
942 ## - ADDED ENTRY ELEMENTS (KOHA)
Source of classification or shelving scheme
Koha item type BOOKS
Holdings
Withdrawn status Lost status Source of classification or shelving scheme Damaged status Not for loan Home library Current library Date acquired Total Checkouts Barcode Date last seen Price effective from Koha item type
          Mwanza Mwanza 08/04/2020   10000002636 08/04/2020 08/04/2020 BOOKS
          Mwanza Mwanza 08/04/2020   10000002637 08/04/2020 08/04/2020 BOOKS

IRDP © 2019 :: Managed by IRDP ICT Unit